000
00274nam a2200121Ia 4500
008
191201s2013 xx 000 0 und d
100
_a
AULAKH,GS
245
0
_a
Machine Design
250
_a
3rd
260
_c
2013
_b
Eagle Pub.
_a
New Delhi
300
_a
320+71
942
_2
ddc
_c
BK
999
_c
8116
_d
8116